El Papa: un retrato de su vida

Сохранить в:
Библиографические подробности
Главный автор: Baviera, Constantino de (Автор)
Формат:
Язык:испанский
Опубликовано: Barcelona Destino 1956
Редактирование:3a. ed
Серии:Ser o no Ser
Предметы:
Метки: Добавить метку
Нет меток, Требуется 1-ая метка записи!

MARC

LEADER 00000nam a2200000 a 4500
001 UCL5733
003 CL-VaPUC
008 040319e19560500SP |||||||||||||||||spa|d
082 0 4 |a 282.092  |b BAV  |2 21 
100 0 |a Baviera, Constantino de  |e author  |9 483418 
245 1 3 |a El Papa: un retrato de su vida 
250 |a 3a. ed 
300 |a 297 p 
942 |c BK 
945 |d 20040319 00:00:00  |a vberengu 
260 |a Barcelona  |b Destino  |c 1956 
600 0 7 |a PACELLI, EUGENIO 1876-1958  |2 CL-VaPUC  |9 483419 
600 0 |a Pío XII,   |d 1876-1958  |c Papa  |9 321754 
650 0 |a Papas   |v Biografías   |9 458600 
583 |a last modification  |c 20040319 00:00:00  |k Rodrigo Vera 
490 0 |a Ser o no Ser 
999 |c 308162  |d 308160 
952 |0 0  |1 0  |4 0  |6 282_092000000000000_BAV_1956  |7 0  |8 A  |9 374442  |a BIBTEO  |b BIBTEO  |d 2019-11-21  |i 2106329  |o 282.092 BAV 1956  |p 2106329  |r 2024-01-18  |w 2019-11-21  |y BK  |k ICR